[Event "4NCL/Div3/FCA1 vs. MIN"]
[Site "Birmingham ENG"]
[Date "2006.04.29"]
[Round "9.2"]
[White "Richards, Heather"]
[Black "Macdonald-Ross, Michael"]
[Result "1-0"]
[WhiteElo "2235"]
[BlackElo "2198"]
[PlyCount "97"]
[EventDate "2006.04.29"]
[EventType "team"]
[EventRounds "11"]
[EventCountry "ENG"]
[SourceDate "2006.04.29"]
[WhiteTeam "Mindsportsltd"]
[BlackTeam "FCA Solutions 1"]

1. e4 c6 2. d4 d5 3. f3 g6 4. c3 Nf6 5. e5 Ng8 6. Bd3 h5 7. Ne2 Nh6 8. Bg5 Bf5
9. Nf4 Qc8 10. c4 Na6 11. cxd5 Bxd3 12. Qxd3 Qf5 13. dxc6 Qxd3 14. Nxd3 bxc6
15. Nc3 Nf5 16. d5 cxd5 17. Nxd5 Rd8 18. N3b4 Nxb4 19. Nxb4 Bg7 20. Nc6 Rd5 21.
Bf4 Kd7 22. Nb4 Rd4 23. Rd1 Ke6 24. Rxd4 Nxd4 25. Kf2 Rc8 26. Re1 Rc4 27. Nd3
Rc2+ 28. Kf1 Kf5 29. Be3 Nc6 30. f4 a5 31. Re2 Rxe2 32. Kxe2 g5 33. fxg5 Nxe5
34. b3 Nc6 35. Nc5 Be5 36. h3 Bf4 37. Nb7 Bxe3 38. Kxe3 Kxg5 39. a3 f5 40. Nc5
e5 41. Nd3 Nd4 42. Nxe5 Nxb3 43. Nf3+ Kf6 44. Kd3 Ke6 45. Kc4 a4 46. Kb4 Kd5
47. Kxa4 Kc4 48. Ne5+ Kc3 49. Ng6 1-0

[Event "4NCL/Div3/FCA1 vs. MIN"]
[Site "Birmingham ENG"]
[Date "2006.04.29"]
[Round "9.3"]
[White "Smith, Graham"]
[Black "Hawkins, Nick"]
[Result "1-0"]
[WhiteElo "2138"]
[BlackElo "2036"]
[PlyCount "95"]
[EventDate "2006.04.29"]
[EventType "team"]
[EventRounds "11"]
[EventCountry "ENG"]
[SourceDate "2006.04.29"]
[WhiteTeam "FCA Solutions 1"]
[BlackTeam "Mindsportsltd"]

1. e4 e5 2. Nf3 Nc6 3. Bb5 a6 4. Bxc6 dxc6 5. Nc3 Bd6 6. d4 exd4 7. Qxd4 f6 8.
O-O Be6 9. Re1 Be5 10. Qb4 b6 11. Nxe5 fxe5 12. Ne2 Ne7 13. Bg5 Qd6 14. Qc3 Rd8
15. Qf3 h6 16. Bxe7 Qxe7 17. Ng3 Rf8 18. Qh5+ Bf7 19. Qe2 a5 20. Nf5 Qf6 21.
Rad1 Rxd1 22. Rxd1 Be6 23. Ne3 Kf7 24. f3 Rd8 25. b3 Kf8 26. Rd3 Rxd3 27. Qxd3
Qe7 28. Kf1 Qd6 29. Ke2 Ke7 30. a4 Kf7 31. Nc4 Qc5 32. Ne3 Qd6 33. g3 Ke7 34.
h4 Kf7 35. h5 Kf6 36. g4 Kf7 37. Nc4 Qc5 38. Qc3 Bxc4+ 39. Qxc4+ Qxc4+ 40. bxc4
Kf6 41. c3 Kg5 42. Ke3 b5 43. cxb5 cxb5 44. axb5 a4 45. Kd3 Kf4 46. c4 a3 47.
Kc3 Ke3 48. c5 1-0

[Event "4NCL/Div3/FCA1 vs. MIN"]
[Site "Birmingham ENG"]
[Date "2006.04.29"]
[Round "9.4"]
[White "Almond, Richard"]
[Black "Reuben, Stewart"]
[Result "1/2-1/2"]
[WhiteElo "2093"]
[BlackElo "2136"]
[PlyCount "36"]
[EventDate "2006.04.29"]
[EventType "team"]
[EventRounds "11"]
[EventCountry "ENG"]
[SourceDate "2006.04.29"]
[WhiteTeam "Mindsportsltd"]
[BlackTeam "FCA Solutions 1"]

1. d4 Nf6 2. c4 e6 3. Nc3 Bb4 4. Qc2 c5 5. dxc5 O-O 6. Nf3 Na6 7. g3 Nxc5 8. a3
Bxc3+ 9. Qxc3 Nfe4 10. Qc2 a5 11. Bg2 a4 12. Nd2 Nxd2 13. Bxd2 Nb3 14. Rd1 Nxd2
15. Rxd2 Qc7 16. O-O Ra5 17. Rc1 b6 18. Rd3 Ba6 1/2-1/2

[Event "4NCL/Div3/FCA1 vs. MIN"]
[Site "Birmingham ENG"]
[Date "2006.04.29"]
[Round "9.5"]
[White "Fraser-Mitchell, Jeremy"]
[Black "Ackley, Peter"]
[Result "1/2-1/2"]
[WhiteElo "2107"]
[BlackElo "2030"]
[PlyCount "36"]
[EventDate "2006.04.29"]
[EventType "team"]
[EventRounds "11"]
[EventCountry "ENG"]
[SourceDate "2006.04.29"]
[WhiteTeam "FCA Solutions 1"]
[BlackTeam "Mindsportsltd"]

1. d4 e6 2. e4 d5 3. Be3 dxe4 4. f3 Bd7 5. Nd2 exf3 6. Ngxf3 Nf6 7. Bd3 Nd5 8.
Qe2 Be7 9. O-O Bc6 10. Ne5 Bf6 11. Ndf3 Nxe3 12. Qxe3 Bxf3 13. Nxf3 Nd7 14.
Rae1 Qe7 15. c3 c6 16. Re2 a5 17. Qf4 O-O 18. g4 g6 1/2-1/2

[Event "4NCL/Div3/FCA1 vs. MIN"]
[Site "Birmingham ENG"]
[Date "2006.04.29"]
[Round "9.6"]
[White "Twitchell, Neville"]
[Black "Freeman, Richard C P"]
[Result "0-1"]
[WhiteElo "2000"]
[BlackElo "2088"]
[PlyCount "74"]
[EventDate "2006.04.29"]
[EventType "team"]
[EventRounds "11"]
[EventCountry "ENG"]
[SourceDate "2006.04.29"]
[WhiteTeam "Mindsportsltd"]
[BlackTeam "FCA Solutions 1"]

1. e4 c5 2. Nf3 g6 3. c3 Bg7 4. d4 cxd4 5. cxd4 d5 6. e5 Nc6 7. Be2 Bg4 8. O-O
Nh6 9. Nc3 O-O 10. h3 Bxf3 11. Bxf3 e6 12. Be3 Nf5 13. Qd2 f6 14. exf6 Qxf6 15.
Rfd1 Nfxd4 16. Bg4 Rfe8 17. Rac1 Qf7 18. b4 Nf5 19. Bxf5 gxf5 20. Nb5 Red8 21.
Bc5 d4 22. Nd6 Qd7 23. b5 Ne7 24. a4 b6 25. Ba3 Nd5 26. Qe2 Nf4 27. Qc4 Bf6 28.
g3 Nxh3+ 29. Kh2 Ng5 30. Kg2 Be7 31. f4 Bxd6 32. Bxd6 Rac8 33. Qxd4 Qb7+ 34.
Kf2 Qf3+ 35. Kg1 Qxg3+ 36. Kh1 Qh3+ 37. Kg1 Nf3+ 0-1

[Event "4NCL/Div3/FCA1 vs. MIN"]
[Site "Birmingham ENG"]
[Date "2006.04.29"]
[Round "9.7"]
[White "Elwin, Adrian G"]
[Black "Kelly, Paul J"]
[Result "1-0"]
[WhiteElo "2052"]
[BlackElo "1945"]
[PlyCount "159"]
[EventDate "2006.04.29"]
[EventType "team"]
[EventRounds "11"]
[EventCountry "ENG"]
[SourceDate "2006.04.29"]
[WhiteTeam "FCA Solutions 1"]
[BlackTeam "Mindsportsltd"]

1. Nf3 g6 2. c4 Bg7 3. d4 d6 4. Nc3 Nc6 5. d5 Ne5 6. Nxe5 Bxe5 7. Qc2 Bg7 8. e4
e5 9. Bd3 Ne7 10. Be3 O-O 11. c5 Bd7 12. Qb3 Qb8 13. cxd6 cxd6 14. Rc1 f5 15.
f3 Kh8 16. O-O f4 17. Bf2 Rc8 18. Nb5 Bxb5 19. Bxb5 Rc7 20. Rc2 a6 21. Bd3 Rxc2
22. Qxc2 Qc8 23. Rc1 Qxc2 24. Rxc2 Rc8 25. a4 Bf6 26. b4 Kg7 27. Bb6 Rxc2 28.
Bxc2 Nc8 29. Bf2 Bd8 30. a5 Kf7 31. g3 fxg3 32. hxg3 Bg5 33. Be1 Be3+ 34. Kg2
g5 35. Ba4 Ke7 36. b5 axb5 37. Bxb5 Kd8 38. Kh3 h5 39. Bb4 Kc7 40. Be8 h4 41.
gxh4 gxh4 42. Kxh4 Na7 43. Kg4 b6 44. axb6+ Bxb6 45. Kf5 Kd8 46. Ba4 Ke7 47.
Be1 Bd4 48. Bh4+ Kf7 49. Bd7 Bc5 50. Bg5 Bb4 51. f4 exf4 52. Bxf4 Ke7 53. Be6
Nb5 54. Bg5+ Ke8 55. Bf6 Bc3 56. Kg6 Bxf6 57. Kxf6 Nd4 58. Bf5 Kf8 59. Bg6 Nb5
60. Ke6 Kg7 61. Bh5 Kh6 62. Bd1 Kg5 63. Ba4 Nc3 64. Bc2 Kf4 65. Kxd6 Nb5+ 66.
Kc5 Na3 67. Bd3 Ke3 68. d6 Kxd3 69. d7 Kxe4 70. d8=Q Nc2 71. Qd5+ Ke3 72. Kc4
Ne1 73. Qe5+ Kd2 74. Qf4+ Ke2 75. Kc3 Ng2 76. Qg4+ Kf2 77. Kd2 Kf1 78. Qg3 Kg1
79. Ke2 Kh1 80. Kf2 1-0

[Event "4NCL/Div3/PPA2 vs. HKF2"]
[Site "Birmingham ENG"]
[Date "2006.04.29"]
[Round "9.1"]
[White "Goodger, Martyn"]
[Black "Ghasi, Ameet"]
[Result "0-1"]
[WhiteElo "2133"]
[BlackElo "2341"]
[PlyCount "80"]
[EventDate "2006.04.29"]
[EventType "team"]
[EventRounds "11"]
[EventCountry "ENG"]
[SourceDate "2006.04.29"]
[WhiteTeam "Poisnd Pawns 2"]
[BlackTeam "H Kingfisher 2"]

1. e4 c5 2. c3 Nf6 3. e5 Nd5 4. Nf3 Nc6 5. Bc4 Nb6 6. Bb3 c4 7. Bc2 d5 8. exd6
Qxd6 9. O-O g6 10. Na3 Bg7 11. Qe2 Qe6 12. Be4 O-O 13. Re1 Rd8 14. Qf1 h6 15.
Bc2 Qd5 16. Be4 Qc5 17. b4 cxb3 18. axb3 e5 19. Nc2 Qd6 20. Ba3 Qc7 21. Qe2 Ne7
22. Bxe7 Qxe7 23. Nb4 f5 24. Bc2 e4 25. Red1 a5 26. Na2 Nd5 27. Ne1 Be6 28. f3
Qc5+ 29. Qf2 e3 30. dxe3 Qxe3 31. Rd3 Qe5 32. Rad1 Re8 33. Kf1 Bf7 34. Kg1 a4
35. bxa4 Nf4 36. R3d2 Bxa2 37. Nd3 Nxd3 38. Bxd3 Bb3 39. Rb1 Qxc3 40. Rdb2 Bd4
0-1

[Event "4NCL/Div3/PPA2 vs. HKF2"]
[Site "Birmingham ENG"]
[Date "2006.04.29"]
[Round "9.2"]
[White "Fierro Baquero, Martha L"]
[Black "Winfridsson, Ola"]
[Result "1-0"]
[WhiteElo "2294"]
[BlackElo "2099"]
[PlyCount "131"]
[EventDate "2006.04.29"]
[EventType "team"]
[EventRounds "11"]
[EventCountry "ENG"]
[SourceDate "2006.04.29"]
[WhiteTeam "H Kingfisher 2"]
[BlackTeam "Poisnd Pawns 2"]

1. e4 c6 2. c4 d5 3. cxd5 cxd5 4. exd5 Nf6 5. Qa4+ Nbd7 6. Nc3 g6 7. Bc4 Bg7 8.
Nf3 O-O 9. d3 Nc5 10. Qa3 b6 11. Be3 Nb7 12. O-O Qd6 13. Qxd6 Nxd6 14. Rfe1 Bb7
15. Bf4 Nf5 16. h3 h5 17. Ne5 Nd4 18. Rac1 Rac8 19. d6 e6 20. Nb5 Nxb5 21. Bxb5
Nd5 22. Bg3 a6 23. Bc6 Bxe5 24. Bxb7 Rb8 25. Bxd5 Bxg3 26. fxg3 exd5 27. Re5
Rfd8 28. Rc6 Kf8 29. Rxd5 Rd7 30. Kf2 f6 31. Kf3 Kf7 32. g4 hxg4+ 33. Kxg4 Ke6
34. Rd4 Ke5 35. Ra4 Kd5 36. Rc7 Rxd6 37. Rxa6 Kd4 38. Rc3 Ke3 39. Ra7 Rd4+ 40.
Kg3 f5 41. Re7+ Kd2 42. Re6 g5 43. Rg6 g4 44. hxg4 f4+ 45. Kh4 b5 46. Kg5 Rb4
47. Rb3 Ra4 48. a3 Kc2 49. Rb4 Rxb4 50. axb4 Kxb2 51. Rf6 Rg8+ 52. Kh5 Rh8+ 53.
Rh6 Rd8 54. Rb6 Kc3 55. Rxb5 Kxd3 56. g5 Ke4 57. g6 Rh8+ 58. Kg5 Rh2 59. Kf6
Rxg2 60. Re5+ Kd4 61. Re1 f3 62. g7 f2 63. Rf1 Ke3 64. Kf7 Ke2 65. Rb1 Rg1 66.
Rb2+ 1-0

[Event "4NCL/Div3/PPA2 vs. HKF2"]
[Site "Birmingham ENG"]
[Date "2006.04.29"]
[Round "9.3"]
[White "Taylor, Robert K"]
[Black "Broomfield, Matthew"]
[Result "0-1"]
[WhiteElo "2130"]
[BlackElo "2303"]
[PlyCount "66"]
[EventDate "2006.04.29"]
[EventType "team"]
[EventRounds "11"]
[EventCountry "ENG"]
[SourceDate "2006.04.29"]
[WhiteTeam "Poisnd Pawns 2"]
[BlackTeam "H Kingfisher 2"]

1. e4 e6 2. d4 d5 3. Nc3 Nf6 4. Bg5 dxe4 5. Nxe4 Be7 6. Bxf6 gxf6 7. Bd3 f5 8.
Ng3 b6 9. Nh5 Bb7 10. Nf3 Nd7 11. Qe2 Nf6 12. Nxf6+ Bxf6 13. O-O-O Qd5 14. Bc4
Qe4 15. Rd2 Qxe2 16. Rxe2 Bxf3 17. gxf3 Bxd4 18. c3 Bc5 19. Rg1 Ke7 20. Rg7 Kf6
21. Rg3 h5 22. Kd1 h4 23. Rh3 Rag8 24. Rd2 Rg2 25. Ke1 Bd6 26. Kf1 Rxh2 27.
Rxh2 Bxh2 28. Kg2 Bf4 29. Rd1 h3+ 30. Kh1 Rg8 31. Bb5 Rg2 32. Rf1 Bd6 33. b4
Be5 0-1

[Event "4NCL/Div3/PPA2 vs. HKF2"]
[Site "Birmingham ENG"]
[Date "2006.04.29"]
[Round "9.4"]
[White "Crouch, Colin"]
[Black "Bailey, Kevin"]
[Result "1-0"]
[WhiteElo "2357"]
[BlackElo "2094"]
[PlyCount "99"]
[EventDate "2006.04.29"]
[EventType "team"]
[EventRounds "11"]
[EventCountry "ENG"]
[SourceDate "2006.04.29"]
[WhiteTeam "H Kingfisher 2"]
[BlackTeam "Poisnd Pawns 2"]

1. d4 d5 2. c4 e6 3. Nf3 Nf6 4. Nc3 Be7 5. Bf4 O-O 6. e3 Nbd7 7. Qc2 c5 8. cxd5
Nxd5 9. Nxd5 exd5 10. Bd3 Qa5+ 11. Qc3 Qxc3+ 12. bxc3 Nf6 13. dxc5 Bxc5 14. O-O
Bg4 15. Nd4 Bh5 16. Nf5 Bg6 17. Rfd1 Rfd8 18. Bg5 Rac8 19. Rab1 b6 20. g4 Bf8
21. Nh6+ gxh6 22. Bxf6 Rd6 23. Be5 Re6 24. f4 Bxd3 25. Rxd3 Bg7 26. Bxg7 Kxg7
27. Kf2 Rec6 28. Rb3 Kf6 29. Ke2 Ke6 30. Kd2 h5 31. g5 Rc5 32. Kc2 Kf5 33. Rb4
b5 34. Rxd5+ Rxd5 35. e4+ Kxf4 36. exd5+ Kxg5 37. Rxb5 f5 38. Kd3 Kg4 39. c4 f4
40. d6 f3 41. c5 Kf5 42. Ke3 Ke6 43. Kxf3 Kd5 44. Kg2 Kc6 45. Rb3 Re8 46. Rc3
Re2+ 47. Kh3 Rxa2 48. Rd3 Kd7 49. c6+ Kd8 50. Rg3 1-0

[Event "4NCL/Div3/PPA2 vs. HKF2"]
[Site "Birmingham ENG"]
[Date "2006.04.29"]
[Round "9.5"]
[White "Day, Thomas W"]
[Black "Chipanga, Takaedza"]
[Result "1/2-1/2"]
[WhiteElo "2097"]
[BlackElo "2193"]
[PlyCount "111"]
[EventDate "2006.04.29"]
[EventType "team"]
[EventRounds "11"]
[EventCountry "ENG"]
[SourceDate "2006.04.29"]
[WhiteTeam "Poisnd Pawns 2"]
[BlackTeam "H Kingfisher 2"]

1. d4 d5 2. c4 e6 3. Nc3 Nf6 4. Bg5 Be7 5. Nf3 h6 6. Bh4 O-O 7. e3 b6 8. Rc1
Bb7 9. cxd5 Nxd5 10. Bxe7 Qxe7 11. Bd3 Rc8 12. O-O Nd7 13. Nxd5 exd5 14. Bf5 g6
15. Bxd7 Qxd7 16. Ne5 Qf5 17. g4 Qf6 18. f4 c5 19. Qf3 Rc7 20. g5 hxg5 21. Ng4
Qe7 22. f5 Rc6 23. f6 Qe4 24. Qh3 Bc8 25. Rf4 Bxg4 26. Rxg4 Qd3 27. Rf1 cxd4
28. Rxd4 Qe2 29. Rxd5 Re8 30. Rxg5 Qxe3+ 31. Qxe3 Rxe3 32. Rd5 Re2 33. Rd8+ Kh7
34. Rd7 Rcc2 35. Rxf7+ Kh6 36. Rd1 Rg2+ 37. Kh1 Rxh2+ 38. Kg1 Rcg2+ 39. Kf1
Rxb2 40. Kg1 Rbg2+ 41. Kf1 Rxa2 42. Kg1 Rag2+ 43. Kf1 Rg5 44. Rdd7 Rf5+ 45. Kg1
Rhh5 46. Rxa7 Rhg5+ 47. Kh2 Rg4 48. Rh7+ Kg5 49. f7 Rgf4 50. Rg7 Rf2+ 51. Kg1
Rf1+ 52. Kg2 b5 53. Ra6 R5f2+ 54. Kg3 Rf3+ 55. Kg2 R1f2+ 56. Kg1 1/2-1/2

[Event "4NCL/Div3/PPA2 vs. HKF2"]
[Site "Birmingham ENG"]
[Date "2006.04.29"]
[Round "9.6"]
[White "Burrows, Martin P"]
[Black "McCorry, Rob"]
[Result "1/2-1/2"]
[WhiteElo "2189"]
[BlackElo "2080"]
[PlyCount "116"]
[EventDate "2006.04.29"]
[EventType "team"]
[EventRounds "11"]
[EventCountry "ENG"]
[SourceDate "2006.04.29"]
[WhiteTeam "H Kingfisher 2"]
[BlackTeam "Poisnd Pawns 2"]

1. e4 Nc6 2. Nf3 d6 3. d4 Nf6 4. Nc3 Bg4 5. Bb5 a6 6. Bxc6+ bxc6 7. Bg5 Qb8 8.
Rb1 e6 9. O-O Be7 10. Qd3 h6 11. Bh4 O-O 12. Nd2 e5 13. dxe5 dxe5 14. f3 Be6
15. Bf2 Rd8 16. Qe2 Nd7 17. Nc4 Qb4 18. Ne3 Nb6 19. a3 Qa5 20. Rfd1 Na4 21. Be1
Rxd1 22. Nexd1 Bc5+ 23. Kh1 Nxc3 24. Bxc3 Qb6 25. Bxe5 Bxa3 26. Nc3 Bb4 27. Qe1
f6 28. Bf4 Rd8 29. Be3 Qa5 30. Qg3 Kf7 31. Bf4 Bxc3 32. bxc3 Qxc3 33. h4 Qxc2
34. Rb7 h5 35. Rxc7+ Rd7 36. Rxd7+ Bxd7 37. e5 Qg6 38. Qe1 Qf5 39. exf6 Qxf6
40. Bg5 Qe6 41. Qa5 Qc4 42. Qe5 Be6 43. Qc7+ Kg8 44. Bf4 Bd5 45. Qd8+ Kh7 46.
Be5 Bf7 47. Qg5 Bg6 48. Qe7 Qf7 49. Qc5 Qe6 50. Kh2 Bf7 51. Qc3 Qg6 52. Kg1 Bd5
53. Kh2 Kg8 54. Kh1 Qf7 55. Qc5 Qe6 56. Qc3 Qe7 57. Bg3 c5 58. Qa3 Kf7 1/2-1/2

[Event "4NCL/Div3/PPA2 vs. HKF2"]
[Site "Birmingham ENG"]
[Date "2006.04.29"]
[Round "9.7"]
[White "Jeffries, Majid"]
[Black "Crombleholme, Alan K"]
[Result "0-1"]
[WhiteElo "2026"]
[BlackElo "2091"]
[PlyCount "82"]
[EventDate "2006.04.29"]
[EventType "team"]
[EventRounds "11"]
[EventCountry "ENG"]
[SourceDate "2006.04.29"]
[WhiteTeam "Poisnd Pawns 2"]
[BlackTeam "H Kingfisher 2"]

1. d4 Nf6 2. c4 g6 3. Nc3 d5 4. Nf3 Bg7 5. Qb3 dxc4 6. Qxc4 O-O 7. e4 Nfd7 8.
Bf4 Na6 9. Qb3 c5 10. Bxa6 cxd4 11. Nd5 bxa6 12. Bc7 Qe8 13. Qb4 e6 14. Ne7+
Kh8 15. Bd6 a5 16. Qxa5 Bb7 17. e5 Bxf3 18. gxf3 Nxe5 19. Bxe5 Qxe7 20. Bxg7+
Kxg7 21. Qe5+ Qf6 22. Qxf6+ Kxf6 23. O-O-O Rac8+ 24. Kb1 Rfd8 25. Rd3 e5 26.
Rhd1 Kf5 27. b4 Rc4 28. a3 Rdc8 29. R1d2 g5 30. h3 Ke6 31. Re2 Kd5 32. Rb2 Rc3
33. Rxc3 Rxc3 34. a4 Rxf3 35. b5 Ra3 36. b6 axb6 37. Rxb6 Rxa4 38. Rh6 d3 39.
Rxh7 Rf4 40. Rh5 Rxf2 41. Rxg5 Rf1+ 0-1

[Event "4NCL/Div3/PPA2 vs. HKF2"]
[Site "Birmingham ENG"]
[Date "2006.04.29"]
[Round "9.8"]
[White "Parmar, Amisha"]
[Black "Mihajlova, Diana"]
[Result "1-0"]
[WhiteElo "1956"]
[BlackElo "1595"]
[PlyCount "71"]
[EventDate "2006.04.29"]
[EventType "team"]
[EventRounds "11"]
[EventCountry "ENG"]
[SourceDate "2006.04.29"]
[WhiteTeam "H Kingfisher 2"]
[BlackTeam "Poisnd Pawns 2"]

1. e4 e5 2. Nf3 Nc6 3. d4 exd4 4. Nxd4 Qf6 5. Be3 Bc5 6. c3 Nge7 7. Bc4 Na5 8.
Be2 Bxd4 9. cxd4 d6 10. Nc3 Be6 11. Qa4+ Nec6 12. d5 Bd7 13. dxc6 Nxc6 14. Qb3
Na5 15. Qd5 Nc6 16. O-O a6 17. Rad1 O-O 18. f4 Be6 19. Qd2 Rad8 20. f5 Bc8 21.
Bg5 Qd4+ 22. Qxd4 Nxd4 23. Bxd8 Nxe2+ 24. Nxe2 Rxd8 25. e5 d5 26. Nc3 d4 27.
Rf4 c5 28. Na4 Rd5 29. Nb6 Rxe5 30. Nxc8 Re2 31. b4 Re8 32. Nd6 Re3 33. bxc5
Ra3 34. Nxb7 Rxa2 35. Rfxd4 Rc2 36. Rd8# 1-0

[Event "4NCL/Div3/WES2 vs. SLOS3"]
[Site "Birmingham ENG"]
[Date "2006.04.29"]
[Round "9.1"]
[White "Jenks, Bruce"]
[Black "Taylor, Robert M"]
[Result "1/2-1/2"]
[WhiteElo "2120"]
[BlackElo "2203"]
[PlyCount "99"]
[EventDate "2006.04.29"]
[EventType "team"]
[EventRounds "11"]
[EventCountry "ENG"]
[SourceDate "2006.04.29"]
[WhiteTeam "Wessex 2"]
[BlackTeam "Slough Sharks 3"]

1. d4 Nf6 2. Bf4 e6 3. e3 c5 4. c3 Nc6 5. Nd2 d6 6. Ngf3 Be7 7. h3 a6 8. a4 b6
9. Bd3 Qc7 10. O-O O-O 11. Qc2 Bb7 12. Ng5 h6 13. Nge4 Nxe4 14. Nxe4 e5 15.
dxe5 dxe5 16. Bh2 Rad8 17. Qe2 Qc8 18. Rad1 f5 19. Nd2 e4 20. Bc2 Na5 21. g4 c4
22. gxf5 Qxf5 23. Nxc4 Qxh3 24. Rxd8 Bxd8 25. Nxa5 bxa5 26. Bxe4 Bxe4 27. Qc4+
Kh8 28. Qxe4 Rf5 29. Bg3 Bf6 30. Rd1 h5 31. Rd5 Rxd5 32. Qxd5 h4 33. Qh5+ Kg8
34. Bf4 Qd7 35. Qxa5 Qd1+ 36. Kg2 Qg4+ 37. Kh2 Qf3 38. Qxa6 Qxf2+ 39. Kh1 Qf3+
40. Kg1 Qd1+ 41. Kf2 Qc2+ 42. Qe2 Qxa4 43. Qd3 Qb3 44. Qe2 Qa4 45. e4 g6 46.
Kf3 g5 47. Bh2 Qd7 48. e5 Qf5+ 49. Kg2 Be7 50. Bg1 1/2-1/2

[Event "4NCL/Div3/WES2 vs. SLOS3"]
[Site "Birmingham ENG"]
[Date "2006.04.29"]
[Round "9.2"]
[White "Purton, Ben J"]
[Black "Taylor, Phil"]
[Result "1/2-1/2"]
[WhiteElo "2107"]
[BlackElo "2063"]
[PlyCount "52"]
[EventDate "2006.04.29"]
[EventType "team"]
[EventRounds "11"]
[EventCountry "ENG"]
[SourceDate "2006.04.29"]
[WhiteTeam "Slough Sharks 3"]
[BlackTeam "Wessex 2"]

1. e4 c6 2. d4 d5 3. exd5 cxd5 4. c4 Nf6 5. Nc3 e6 6. Nf3 Bb4 7. Bg5 O-O 8. Bd3
dxc4 9. Bxc4 a6 10. O-O b5 11. Bd3 Bb7 12. Ne5 Bxc3 13. bxc3 Qd5 14. f3 Nbd7
15. Nxd7 Qxd7 16. Qc2 h6 17. Bxf6 gxf6 18. Qd2 Kg7 19. Be4 f5 20. Bc2 Qe7 21.
Rfe1 Qf6 22. Re5 Rfd8 23. Qe3 Rac8 24. Bb3 Rc7 25. a4 Rdc8 26. Rc5 f4 1/2-1/2

[Event "4NCL/Div3/WES2 vs. SLOS3"]
[Site "Birmingham ENG"]
[Date "2006.04.29"]
[Round "9.3"]
[White "Rutter, Nicholas"]
[Black "Duggan, Michael"]
[Result "1-0"]
[WhiteElo "2133"]
[BlackElo "2082"]
[PlyCount "57"]
[EventDate "2006.04.29"]
[EventType "team"]
[EventRounds "11"]
[EventCountry "ENG"]
[SourceDate "2006.04.29"]
[WhiteTeam "Wessex 2"]
[BlackTeam "Slough Sharks 3"]

1. e4 c5 2. Nf3 d6 3. d4 cxd4 4. Nxd4 Nf6 5. Nc3 g6 6. Be3 Bg7 7. f3 Nc6 8. Qd2
O-O 9. O-O-O d5 10. Kb1 Nxd4 11. e5 Ng4 12. Bxd4 Nxe5 13. Qe3 Nc6 14. Bxg7 Kxg7
15. Nxd5 Qa5 16. Bc4 Be6 17. b4 Qa4 18. Bb3 Qa3 19. b5 Bxd5 20. Rxd5 Na5 21.
Rd7 Nxb3 22. axb3 a6 23. b6 Rfe8 24. Rhd1 a5 25. Qd4+ Kg8 26. Rd3 Rab8 27. Rc3
Rbc8 28. Rcc7 e5 29. Qc4 1-0

[Event "4NCL/Div3/WES2 vs. SLOS3"]
[Site "Birmingham ENG"]
[Date "2006.04.29"]
[Round "9.4"]
[White "Roberson, Peter T"]
[Black "Gregory, Keith D"]
[Result "0-1"]
[WhiteElo "2126"]
[BlackElo "2093"]
[PlyCount "84"]
[EventDate "2006.04.29"]
[EventType "team"]
[EventRounds "11"]
[EventCountry "ENG"]
[SourceDate "2006.04.29"]
[WhiteTeam "Slough Sharks 3"]
[BlackTeam "Wessex 2"]

1. e4 d6 2. d4 g6 3. Be3 c6 4. Nc3 b5 5. Bd3 Bg7 6. f4 a6 7. Nf3 Nf6 8. h3 O-O
9. O-O Nbd7 10. Ne2 Bb7 11. Ng3 c5 12. c3 cxd4 13. cxd4 Nb6 14. b3 d5 15. e5
Ne4 16. Qe1 f5 17. Bd2 Qb8 18. Bb4 Re8 19. Rc1 Bc8 20. Ne2 Bd7 21. Qh4 e6 22.
Bxe4 dxe4 23. Bd6 exf3 24. Bxb8 fxe2 25. Rfe1 Raxb8 26. Rxe2 Nd5 27. Rec2 Bf8
28. g4 Be7 29. Qg3 Rf8 30. Rf2 b4 31. g5 Bd8 32. h4 Bb6 33. Rd2 Rfc8 34. Rxc8+
Rxc8 35. h5 Rc1+ 36. Kf2 Rc3 37. Qh4 Ne3 38. hxg6 hxg6 39. Qh1 Bc6 40. Qe1 Ng4+
41. Kf1 Rh3 42. Rg2 Bb5+ 0-1

[Event "4NCL/Div3/WES2 vs. SLOS3"]
[Site "Birmingham ENG"]
[Date "2006.04.29"]
[Round "9.5"]
[White "Clark, Ian C"]
[Black "Cox, Tristan"]
[Result "1/2-1/2"]
[WhiteElo "2133"]
[BlackElo "2047"]
[PlyCount "97"]
[EventDate "2006.04.29"]
[EventType "team"]
[EventRounds "11"]
[EventCountry "ENG"]
[SourceDate "2006.04.29"]
[WhiteTeam "Wessex 2"]
[BlackTeam "Slough Sharks 3"]

1. e4 c5 2. Nf3 Nc6 3. d4 cxd4 4. Nxd4 Nf6 5. Nc3 e5 6. Ndb5 d6 7. Bg5 a6 8.
Na3 b5 9. Nd5 Be7 10. Bxf6 Bxf6 11. c3 O-O 12. Be2 Bg5 13. O-O Kh8 14. Nc2 f5
15. Bf3 g6 16. a4 bxa4 17. Rxa4 a5 18. Nce3 Rb8 19. Qc2 Be6 20. Nc4 Rb5 21. Rd1
fxe4 22. Bxe4 Nd4 23. cxd4 Bxd5 24. Bxd5 Rxd5 25. Ne3 Rxd4 26. Raxd4 exd4 27.
Rxd4 Bxe3 28. fxe3 Qf6 29. Rf4 Qg7 30. Rxf8+ Qxf8 31. Qc3+ Qg7 32. Qxa5 Qxb2
33. Qd8+ Kg7 34. Qxd6 Qe2 35. Qe7+ Kg8 36. h3 h5 37. h4 Qd1+ 38. Kh2 Qg4 39.
Qd8+ Kf7 40. Qc7+ Kg8 41. Qf4 Qe6 42. e4 Kg7 43. e5 Kg8 44. Qd4 Kf7 45. Kg3 Qf5
46. Qc4+ Ke7 47. Qc7+ Ke6 48. Qd6+ Kf7 49. Qd5+ 1/2-1/2

[Event "4NCL/Div3/WES2 vs. SLOS3"]
[Site "Birmingham ENG"]
[Date "2006.04.29"]
[Round "9.6"]
[White "Muter, Donny"]
[Black "Ferrington, Nigel M"]
[Result "1-0"]
[WhiteElo "2087"]
[BlackElo "2115"]
[PlyCount "57"]
[EventDate "2006.04.29"]
[EventType "team"]
[EventRounds "11"]
[EventCountry "ENG"]
[SourceDate "2006.04.29"]
[WhiteTeam "Slough Sharks 3"]
[BlackTeam "Wessex 2"]

1. d4 c5 2. e3 cxd4 3. exd4 d5 4. c4 Nc6 5. Nc3 e5 6. dxe5 d4 7. Nd5 Be6 8. Qb3
Qd7 9. Nf3 Nge7 10. Nf4 Bg4 11. Be2 O-O-O 12. O-O Bxf3 13. e6 fxe6 14. Bxf3 e5
15. Nd3 Ng6 16. Bd2 Bd6 17. Qd1 Kb8 18. b4 Qf5 19. Qe2 Nf4 20. Bxf4 exf4 21. c5
Ne5 22. Nxe5 Bxe5 23. Qb5 Rd7 24. c6 Re7 25. Rac1 Rc7 26. Rfe1 Re8 27. Rc5 a6
28. Rexe5 axb5 29. Rxe8+ 1-0

[Event "4NCL/Div3/WES2 vs. SLOS3"]
[Site "Birmingham ENG"]
[Date "2006.04.29"]
[Round "9.7"]
[White "Pym, Thomas W"]
[Black "Nelson, Omowale"]
[Result "1/2-1/2"]
[WhiteElo "2078"]
[BlackElo "2089"]
[PlyCount "54"]
[EventDate "2006.04.29"]
[EventType "team"]
[EventRounds "11"]
[EventCountry "ENG"]
[SourceDate "2006.04.29"]
[WhiteTeam "Wessex 2"]
[BlackTeam "Slough Sharks 3"]

1. e4 c6 2. d4 d5 3. f3 dxe4 4. fxe4 e5 5. Nf3 exd4 6. Bc4 Be6 7. Bxe6 fxe6 8.
O-O Be7 9. Nxd4 Nf6 10. Nxe6 Qxd1 11. Rxd1 Na6 12. e5 Ng4 13. h3 Kf7 14. Ng5+
Bxg5 15. Bxg5 Nxe5 16. Nc3 h6 17. Bh4 Rhe8 18. Ne4 Re6 19. Nd6+ Kg8 20. Nxb7
Rb8 21. Nd8 Rg6 22. Kh2 Rxb2 23. Re1 Rxc2 24. Rxe5 Rgxg2+ 25. Kh1 Rh2+ 26. Kg1
Rhg2+ 27. Kf1 Rh2 1/2-1/2